000 01008nam a2200277 a 4500
001 43054
003 BD-RjUL
005 20211209053635.0
008 160619r19741929enkab b 00110 eng d
020 _a0210405473
035 _a(BD-RjUL)43172
035 _a2888037
040 _aANL
_beng
_dBD-RjUL
_cBD-RjUL
041 _aeng
082 0 _a330.9603
_223
_bDAH 1974
100 1 _aDanmole, Mashood B. O.
_9132212
245 1 4 _aThe heritage of imperialism :
_ba study in historical and economic analysis /
_cMashood B.O. Danmole.
260 _aLondon :
_bAsia Publishing House,
_cc1974
300 _axviii, 550 p. :
_bill. ;
_c25cm.
500 _aDeveloping countries. Economic conditions. Effects of imperialism. Study regions: Africa (BNB/PRECIS)
500 _aOriginally published: New York : Asia Publishing House, 1974.
504 _aBibliography: p.527-535. - Includes index.
650 0 _aImperialism.
_9132213
651 0 _aDeveloping countries
_xEconomic conditions.
_9132214
942 _2ddc
_cBK
999 _c43054
_d43054